000 00373nam a2200157Ia 4500
008 160316s9999 xxu||||| |||| 00| 0 eng d
082 _a362.200000
_bSHA
100 _aSharma Parul
245 _aThe law in India: From girl to woman
250 _a
260 _a
_bGriffins View
_c0
300 _a14
_b
_c
365 _b
650 _a1. Girl - woman - law
700 _a
_a
999 _c36420
_d36420